Statistiques concernant Personnes en images avec Barack Obama

Cliquez ici pour prendre le quiz!

Statistiques générales

  • Ce quiz a été pris 162 fois
  • Le résultat moyen est 9 sur 20

Statistiques - réponses

Réponse% Correct
Angela Merkel
93%
Nicolas Sarkozy
92%
Hillary Clinton
90%
Shakira
77%
Justin Trudeau
68%
Le Dalaï-lama
68%
Pape François
55%
Joe Biden
51%
Vladimir Putine
49%
David Cameron
45%
Justin Timberlake
43%
Stephen Curry
33%
John Kerry
32%
John McCain
27%
Benyamin Netanyahou
24%
Mitt Romney
15%
David Letterman
5%
Betty White
4%
John Glenn
2%
Sonia Sotomayor
1%

Distribution des résultats

Percentile par nombre de réponses

% des personnes avec chaque résultat

Votre développement - résultats

Vous n’avez pas pris ce quiz